000
00273nmm a2200097Ia 4500
008
220120s9999||||xx |||||||||||||||||und||
020
_a
0-07-052929
100
_a
EFY
245
0
_a
EFY Aniversary: Amazing tools for electronics, fedora 16, ub
260
_a
EFY enterprises
_c
2012
999
_c
139714
_d
139714